Welcome to the Holygrace Academy Library

Please use search bar below to get started

PRINCE OF PERSIA (Record no. 2605)

MARC details
000 -LEADER
fixed length control field 00824nam a22001457a 4500
020 ## - INTERNATIONAL STANDARD BOOK NUMBER
ISBN 978-93-80658-86-5
082 ## - DEWEY DECIMAL CLASSIFICATION NUMBER
Classification number 823
Item number BER/P
100 ## - MAIN ENTRY--AUTHOR NAME
Personal name BERNARD, CARLO
100 ## - MAIN ENTRY--AUTHOR NAME
Personal name MIRO, DOUG
245 ## - TITLE STATEMENT
Title PRINCE OF PERSIA
Remainder of title THE SANDS OF TIME
260 ## - PUBLICATION, DISTRIBUTION, ETC. (IMPRINT)
Place of publication CHENNAI
Name of publisher WESTLAND PUBLICATIONS
Year of publication 2010
520 ## - SUMMARY, ETC.
Summary, etc In the holy city of Alamut resides the Sands of Time, which gives mortals the power to turn back time. After leading an attack on the city, Dastan (Jake Gyllenhaal), the adopted son of Persia's king, acquires a dagger that gives the one who holds it access to the Sands. Dastan goes on the run with an Alamut princess named Tamina (Gemma Arterton) after being accused of killing his father. The pair must protect the ancient treasure from dark forces and unmask the king's assassin.
650 ## - SUBJECT ADDED ENTRY--TOPICAL TERM
Topical Term NOVEL
Geographic subdivision INDIA
942 ## - ADDED ENTRY ELEMENTS (KOHA)
Koha item type Books
Holdings
Withdrawn status Lost status Collection code Home library Current library Shelving location Date acquired Source of acquisition Full call number Accession Number Koha item type
    Fiction Main Library Main Library SHELF-14B -ALPHABETICAL -B--ENGLISH NOVELS & FICTIONS 05/10/2015 purchase 823 BER/P 03941 Books